000 00668nam a22002177a 4500
003 UA-OsUOA
001 79256
007 ta
008 20111107b un ||||| |||| 00| 0 ukr d
090 _a821.161.1
_bН30
942 _cBK
040 _aUA-OsUOA
_brus
_cUA-OsUOA
_dUA-OsUOA
245 _aНародные русские сказки А.Н.Афанасьева
_bв трех томах
_cизд. подг. Л.Г.Барг, Н.В.Новиков
_n2
300 _a460 с.
955 _a3
041 _arus
080 _a821.161.1
260 _aМ.
_bНаука
_c1986
650 7 _a82 Література. Літературознавство
_2UDC
999 _c365570
_d365570